<?xml version="1.0" encoding="UTF-8"?>
<collection xmlns:xsi="http://www.w3.org/2001/XMLSchema-instance" xsi:schemaLocation="http://www.loc.gov/MARC21/slim http://www.loc.gov/standards/marcxml/schema/MARC21slim.xsd" xmlns="http://www.loc.gov/MARC21/slim">
 <record>
  <leader>00000nam a22000004a 4500</leader>
  <controlfield tag="001">UP-8027390931316509884</controlfield>
  <controlfield tag="003">Buklod</controlfield>
  <controlfield tag="005">20251024094357.0</controlfield>
  <controlfield tag="006">m    |o  d |      </controlfield>
  <controlfield tag="007">ta</controlfield>
  <controlfield tag="008">251023t20232023xxua    r    |||0 0|eng d</controlfield>
  <datafield tag="020" ind1=" " ind2=" ">
   <subfield code="a">9798987666814 (paperback)</subfield>
  </datafield>
  <datafield tag="040" ind1="0" ind2=" ">
   <subfield code="a">DAIT</subfield>
   <subfield code="c">DAIT</subfield>
   <subfield code="e">rda</subfield>
  </datafield>
  <datafield tag="041" ind1="0" ind2=" ">
   <subfield code="a">eng</subfield>
  </datafield>
  <datafield tag="050" ind1="0" ind2="0">
   <subfield code="a">HD 9999 R45</subfield>
   <subfield code="b">S26 2023</subfield>
  </datafield>
  <datafield tag="100" ind1="0" ind2=" ">
   <subfield code="a">Sandland, Meredith</subfield>
   <subfield code="e">author.</subfield>
  </datafield>
  <datafield tag="245" ind1="0" ind2="0">
   <subfield code="a">Delivering the digital restaurant</subfield>
   <subfield code="b">the path to digital maturity</subfield>
   <subfield code="c">Meredith Sandland, Carl Orsbourn.</subfield>
  </datafield>
  <datafield tag="264" ind1=" " ind2="0">
   <subfield code="a">[Place of publication not identified]</subfield>
   <subfield code="b">Independently Published</subfield>
   <subfield code="c">2023</subfield>
  </datafield>
  <datafield tag="300" ind1=" " ind2=" ">
   <subfield code="a">XX, 170 pages</subfield>
   <subfield code="b">illustrations</subfield>
   <subfield code="c">23 cm.</subfield>
  </datafield>
  <datafield tag="336" ind1=" " ind2=" ">
   <subfield code="a">text</subfield>
   <subfield code="2">rdacontent</subfield>
   <subfield code="b">txt</subfield>
  </datafield>
  <datafield tag="337" ind1=" " ind2=" ">
   <subfield code="a">unmediated</subfield>
   <subfield code="2">rdamedia</subfield>
  </datafield>
  <datafield tag="338" ind1=" " ind2=" ">
   <subfield code="a">volume</subfield>
   <subfield code="2">rdacarrier</subfield>
   <subfield code="b">nc</subfield>
  </datafield>
  <datafield tag="504" ind1=" " ind2=" ">
   <subfield code="a">Includes bibliographical references.</subfield>
  </datafield>
  <datafield tag="505" ind1="0" ind2="0">
   <subfield code="a">Be found -- Convert fans -- Mine data -- Optimize throughput -- Grow topline -- Be guest-centric -- Disrupt yourself -- Holistic technology.</subfield>
  </datafield>
  <datafield tag="520" ind1="0" ind2=" ">
   <subfield code="a">&quot;The duo that explained the digital revolution in restaurants now brings your restaurant a how-to guide. The digital restaurant revolution is well underway. Restaurants that survived the pandemic now have the opportunity to step back and consider how to best serve digital demand.&#13;
&#13;
&#13;
Delivering the Digital Restaurant: Your Roadmap to the Future of Food sets out why restaurateurs worldwide must treat digitization and the off-premise channel seriously. Combining interviews with technology and restaurant leaders, the authors articulated why this growth channel was critical for restaurants to survive.&#13;
&#13;
&#13;
Indeed, the Covid-19 pandemic separated digital leaders from all others. Those who invested in digital guest relationships and the operations that enable them leaped ahead–with 2022 revenues well in excess of 2019. Those who didn’t treat it seriously perished and never reopened. A great many restaurants fell somewhere in the middle–they added digital elements out of necessity but did not update their restaurant operations to match their new capabilities. Or perhaps they tacked on several different digital approaches but did not integrate them.&#13;
&#13;
&#13;
The story of the first book was incomplete. The Path to Digital Maturity completes the story through a journey toward digital maturity. With the pandemic increasingly in the rearview mirror, now is the time for restaurants to find their current place on the path and follow it toward a more prosperous future. This playbook charts the way. Knowing where you are now lets you determine where you can ultimately be. This new book outlines how to evolve and grow stronger in off-premise channels.&quot; --</subfield>
   <subfield code="2">Back cover.</subfield>
  </datafield>
  <datafield tag="600" ind1="0" ind2="0">
   <subfield code="a">Orsbourn, Carl</subfield>
   <subfield code="e">author.</subfield>
  </datafield>
  <datafield tag="650" ind1="0" ind2="0">
   <subfield code="a">Restaurants</subfield>
   <subfield code="x">Technological innovations.</subfield>
  </datafield>
  <datafield tag="650" ind1="0" ind2="0">
   <subfield code="a">Restaurants</subfield>
   <subfield code="x">Marketing.</subfield>
  </datafield>
  <datafield tag="650" ind1="0" ind2="0">
   <subfield code="a">Restaurant management</subfield>
   <subfield code="x">Data processing.</subfield>
  </datafield>
  <datafield tag="650" ind1="0" ind2="0">
   <subfield code="a">Restaurant management</subfield>
   <subfield code="x">Electronic commerce.</subfield>
  </datafield>
  <datafield tag="905" ind1=" " ind2=" ">
   <subfield code="a">FO</subfield>
  </datafield>
  <datafield tag="950" ind1=" " ind2=" ">
   <subfield code="a">Monograph</subfield>
  </datafield>
  <datafield tag="852" ind1="0" ind2=" ">
   <subfield code="a">UPD</subfield>
   <subfield code="b">DAIT</subfield>
   <subfield code="h">HD 9999 R45</subfield>
   <subfield code="i">S26 2023</subfield>
  </datafield>
  <datafield tag="942" ind1=" " ind2=" ">
   <subfield code="a">Book</subfield>
  </datafield>
 </record>
</collection>
